Naturaleza de la sabiduría cristiana
Gorde:
| Egile nagusia: | |
|---|---|
| Formatua: | Liburua |
| Hizkuntza: | gaztelania |
| Argitaratua: |
Santiago
s.n
1970
|
| Gaiak: | |
| Etiketak: |
Etiketa erantsi
Etiketarik gabe, Izan zaitez lehena erregistro honi etiketa jartzen!
|
MARC
| LEADER | 00000nam a2200000 a 4500 | ||
|---|---|---|---|
| 001 | UCZ5150 | ||
| 003 | CL-VaPUC | ||
| 008 | 951117e19700000CL |||||||||||||||||spa|d | ||
| 082 | 0 | 4 | |a 201 |b WID |2 21 |
| 100 | |a Widow Antoncich, Juan Antonio |e autor |9 349082 | ||
| 245 | 1 | 0 | |a Naturaleza de la sabiduría cristiana |
| 300 | |a 16 p | ||
| 942 | |c BK | ||
| 945 | |d 19951117 00:00:00 |a cmena | ||
| 260 | |a Santiago |b s.n |c 1970 | ||
| 650 | 0 | |a Teología |9 258766 | |
| 650 | 0 | |a Creencia Religiosa |9 316904 | |
| 650 | 0 | |a Cognición |9 270347 | |
| 650 | 0 | |a Cristianismo |9 257361 | |
| 650 | 0 | |a Religión |9 255164 | |
| 583 | |a last modification |c 20130411 10:04:24 |k Rodrigo Vera | ||
| 999 | |c 241472 |d 241470 | ||
| 952 | |0 0 |1 0 |4 0 |6 201_000000000000000_WID_1970 |7 0 |8 P |9 253802 |a BIBEDU |b BIBEDU |d 2019-11-19 |i 1574728 |o 201 WID 1970 |p 1574728 |r 2019-11-19 |w 2019-11-19 |y BK |k FIL | ||